| 000 | 00437nam a22001577a 4500 | ||
|---|---|---|---|
| 082 |
_a629.8323 _bBAS _cL-11, P-1 |
||
| 100 |
_aBasic _944559 |
||
| 245 | _aBasic synchros & servomechanisms | ||
| 250 | _aPart-II | ||
| 260 |
_aNew York _bThe Brolet Press _c1960 |
||
| 300 |
_a111 p. : _bill, ; _c18 cm. |
||
| 526 |
_a0 _b0 _c0 _d629_832300000000000_BAS |
||
| 526 |
_a0 _b0 _c0 _d629_832300000000000_BAS |
||
| 650 |
_aMCE _9379 |
||
| 942 |
_2ddc _cBK |
||
| 999 |
_c548323 _d548323 |
||